| 000 | 00526nam a2200169Ia 4500 | ||
|---|---|---|---|
| 999 |
_c3623 _d3623 |
||
| 003 | GBCCL | ||
| 005 | 20241126110459.0 | ||
| 008 | 171130b xxu||||| |||| 00| 0 eng d | ||
| 040 | _cgbc | ||
| 082 |
_a220.6 _bSAA |
||
| 100 |
_aSaarnivaara, Uuras _97201 |
||
| 245 |
_aCan the Bible be Trusted?: _bOld and New Testament Introduction and Interpretation / _cUuras Saarnivaara |
||
| 260 |
_bOsterhus Publishing House, _aMinneapolis: _c1983 |
||
| 300 |
_a808p.; _c23 cm. |
||
| 650 |
_aBible _vInterpretations _97202 |
||
| 942 |
_2ddc _cBK _09 |
||